| 000 | 00792nam a22002175i 4500 | ||
|---|---|---|---|
| 001 | 156972 | ||
| 003 | ES-MaACL | ||
| 005 | 20250807065806.0 | ||
| 008 | 000724s1898 fr |||| | fre d | ||
| 040 |
_aCCPB | B _bspa _cCCPB | B |
||
| 100 | 1 |
_aLampériére, Anna. _9128640 |
|
| 245 | 1 | 3 |
_aLe role social de la femme _b: devoirs, droits, éducation / _cpar Anna Lampériére. |
| 260 |
_aParis : _bancienne librairie Germer Baillière et Cie. : _bFélix Alcan, éditeur, _c1898. |
||
| 300 |
_a174, [2] p. ; _c18 cm. |
||
| 490 | 1 | _aBibliothèque de philosophie contemporaine | |
| 650 | 7 |
_aMujeres _2embne _915251 |
|
| 752 |
_aFrancia - _dParís |
||
| 830 | 0 |
_aBibliothèque de philosophie contemporaine _9181027 |
|
| 852 |
_aES-MaACL _jF-11914 _z-- Enc. hol. |
||
| 999 |
_c156972 _d156972 |
||